00519nam a2200193Ia 4500008004100000020001800041050001600059050001400075100002200089245003100111245004800142245004300190260001300233260002100246260000900267300001600276300001100292650002200303180620s9999 xx 000 0 und d a0-9632355-0-8 aREF HV 7431 b.E28 1991 aEaves, Richard W. 0aDon't be the next victim : 0b50 ways to protect yourself against crime / 0cRichard W. Eaves and Steven E. Watson. a[s.l.] : bGuardian Press., c1991 a118 pages : c17 cm. aCrime prevention.